Evidenčný systém pre autoservis = Database system for a business car repair shop : Diplomová práca

Enregistré dans:
Détails bibliographiques
Auteur principal: Ďumbier, Karol (Auteur)
Autres auteurs: Miksa, František, 1970- (xxx)
Format: Manuscrit Livre
Langue:slovaque
Publié: Trnava : STU v Bratislave MTF UIAM, 2009
Sujets:
Tags: Ajouter un tag
Pas de tags, Soyez le premier à ajouter un tag!

MARC

LEADER 00000ntm a22000003a 4500
001 stu181169
005 20160719154436.3
008 090309s2009----xo------------------slo-d
040 |a STU  |b slo 
041 0 |a slo 
044 |a xo 
100 1 |a Ďumbier, Karol  |4 aut 
245 1 |a Evidenčný systém pre autoservis = Database system for a business car repair shop :  |b Diplomová práca 
260 |a Trnava :  |b STU v Bratislave MTF UIAM,  |c 2009 
300 |a 67 s  |c príl (1 CD-ROM) 
500 |a Študijný odbor: 5.2.14 automatizácia 
500 |a Študijný program: automatizácia a informatizácia procesov 
650 7 |a informačný systém podniku  |2 stusub 
650 7 |a entito-relačné modelovanie  |2 stusub 
700 1 |a Miksa, František,  |d 1970-  |4 xxx  |u M6000  |U MTF Materiálovotechnologická fakulta  |T MTF Ústav aplikovanej informatiky, automatizácie a matematiky  |X 2760  |U M6000  |Y 86  |7 A000002760 
700 1 |a Bezák, Pavol,  |d 1977-  |4 csl  |u M6000  |U MTF Materiálovotechnologická fakulta  |T MTF Ústav aplikovanej informatiky, automatizácie a matematiky  |X 2805  |U M6000  |Y 86  |7 A000002805 
996 |b 284M069942  |c M*DP-7737  |l MMSKP  |s P  |a 0  |w stu181169_0001